000
00318nam a22001337a 4500
008
180220b xxu||||| |||| 00| 0 eng d
020
_a
9780130330185
041
_a
eng
080
_2
12 ed
_a
330.722.6
100
_a
62
101
_a
kon
245
_a
i ntroduction management accouting
_c
gary.l.s
942
_2
udc
_c
BK
999
_c
42931
_d
42931